00734nam a2200217 a 450000100100000000500170001000800410002704000250006804100380009308200150013110000330014624000270017924500680020626000480027430000260032249000200034853400350036850000660040370000250046983000220049400002524520200930023645.0110211s1971 sp r 000 0 spa d aDO-SdBNPbspacBNPHU17aspaheng2Código de idioma MARC aNNNbB779g1 aBouthoul, Gaston,d1899-198010aLa guerre.lEspañol.10aLa guerra /cGaston Bouthoul ; traducción de Johanna Givanel. aBarcelona, (España) :bOikos- tau,c1971. a126, [1] p. ;c18 cm.1 aQué sé?v44 aTítulo original:tLa guerre. aIncluye refererncias bibliográficas al pie de las páginas1 aGivanel, Johannaetr 0aQué sé? ;v44